000 00435nmm a2200169Ia 4500
008 251105s9999||||xx |||||||||||||||||und||
020 _a9788467199284
041 _apor
100 _aLucas, Jennie
245 0 _aMentiras por amor
264 _a[Madrid, España] :
_bHarlequin,
_c2011
300 _a160 páginas
490 _aBianca
650 _aRomance
856 _uhttps://public.digitaliapublishing.com/a/49940
942 _cCF
999 _c83716
_d83716